Una corte de rosas y espinas / (Registro nro. 3312)

Detalles MARC
000 -LEADER
fixed length control field 01347nam a2200193 a 4500
008 - CAMPO DE CONTROL (LIBRO)
fixed length control field 161215t2015 ag |||g |||| 00| f spa d
020 ## - INTERNATIONAL STANDARD BOOK NUMBER
ISBN 9789504948629
041 ## - CODIGO DE IDIOMA
Código de idioma del texto/pista de sonido o título separado spa
092 ## - SIGNATURA TOPOGRAFICA DEWEY LOCAL
número de clasificación 808
libristica 51
sección MAA
100 1# - ENTRADA PRINCIPAL--NOMBRE PERSONAL
Nombre personal Maas, Sarah J.
9 (RLIN) 4357
245 #4 - TITULO PROPIAMENTE DICHO
Título Una corte de rosas y espinas /
Mención de responsabilidad y remanente de la transcripción de la portada Sarah J. Maas
250 ## - MENCION DE EDICION
Mención de edición 1a ed.
Mención de responsabilidad relacionada con la ed. Traducción Márgar Averbach
260 ## - PIE DE IMPRENTA
Lugar de publicación, distribución, etc Buenos Aires:
Nombre de la editorial, distribuidor, etc Planeta;
Fecha de publicación 2015.
300 ## - DESCRIPCION FISICA
Extension 456 p.
Dimensiones 23x15 cm.
500 ## - NOTA GENERAL
Nota general Maas, S. J. (2015). Una corte de rosas y espinas. (1a ed.). Buenos Aires : Planeta.
505 ## - NOTA DE CONTENIDO
Nota de contenido formateada Lentamente, como dándome tiempo para alejarme, rozó sus labios contra mi mejilla. Tierno, cálido y desoladoramente gentil. Me obsequió poco menos que una caricia antes de regresar a su habitual rigidez. Hubiera permanecido inmóvil desde el momento en el que su boca erizó mi piel. "Algún día...algún día podré responder a todas tus preguntas", dijo, soltándome la mano y alejándose de mí. "Pero no podré hacerlo hasta llegado el momento correcto. Hasta que estemos a salvo." En la oscuridad, el tono de su voz indicaba que sus ojos rebosaban de amargura. Cuando se fue, exhalé una bocanada, y recién ahí descubrí que había estado aguantando la respiración. Tras su partida descubrí que deseaba con todo mi ser su calidez, su cercanía.
655 ## - MATERIA - GENERO/FORMA
Género/Forma Novela
-- 3091
942 ## - ADDED ENTRY ELEMENTS (KOHA)
Source of classification or shelving scheme Dewey Decimal Classification
Item type LITERATURA
Existencias
Estado de retiro Existencia Fuente de clasificación Estado general No para prestamo Ubicación permanente ubicación actual Sala de ubicación Fecha de adquisición Fuente de adquisición Total Checkouts Número de clasificación Código de barras Date last seen Número de ejemplar Price effective from Koha tipo de elemento (item) Public note Coded location qualifier
    Dewey Decimal Classification     Biblioteca Medicina Biblioteca Medicina Circulación 22/09/2025 Donación Guerra, Valeria. Septiembre 2025.   808 51 MAS 5117 22/09/2025 Ej. 1 22/09/2025 LITERATURA Donación Guerra, Valeria. Septiembre 2025. Sede Tordos.  

UNIVERSIDAD NACIONAL DEL COMAHUE
Biblioteca de la Facultad de Ciencias Médicas
Sede Toschi: Los Arrayanes y Av. Toschi, Cipolletti  - Rio Negro
Sede Los Tordos:  Yrigoyen al 2211, Cipolletti - Rio Negro 

Teléfono: 0299 - 4774707 int 25
Contacto: biblioteca@facimed.uncoma.edu.ar
© 2011 - 2026